Microelectronic circuit design

Պահպանված է:
Մատենագիտական մանրամասներ
Հիմնական հեղինակ: JAEGER, Richard C.
Ձևաչափ: Գիրք
Լեզու:անգլերեն
Հրապարակվել է: McGraw-Hill Education 2016
Ցուցիչներ: Ավելացրեք ցուցիչ
Չկան պիտակներ, Եղեք առաջինը, ով նշում է այս գրառումը!

MARC

LEADER 00000nam a22000007a 4500
008 211026b ||||| |||| 00| 0 eng d
020 |a 978-1-259-25245-7 
100 |a JAEGER, Richard C. 
245 |a Microelectronic circuit design  |c  Richard C. Jaeger, Travis N. Blalock  |g  xxvii, 1301p 
250 |b  5th ed.-   |c Richard C. Jaeger, Travis N. Blalock. 
260 |b McGraw-Hill Education  |c 2016  |h  New York  |i  691070  |i 691069 - Tech.,   |l TK7874 .J17  |m Integrated circuits - Design and construction  |m Semiconductors - Design and construction  |m Electronic circuit design.  |m Blalock, Travis N.  |m Title. 
500 |a “It includes index”. 
942 |a lcc  |c BK  |e j. o. ifatola  |f 26/ 10/ 2021 
952 |0 0  |1 0  |2 lcc  |4 0  |6 TK7874 J17  |7 0  |9 3673  |a HOL  |b HOL  |c QZ  |d 2021-10-26  |l 0  |o TK7874 .J17  |p 2021-67409  |r 2021-10-26 00:00:00  |w 2021-10-26  |y BK 
952 |0 0  |1 0  |2 ddc  |4 0  |6 TK_7874_000000000000000__J17  |7 0  |9 3674  |a HOL  |b TL  |c QZ  |d 2021-10-26  |l 0  |o TK7874 .J17  |p 2021-67410  |r 2021-10-26 00:00:00  |w 2021-10-26  |y BK 
999 |c 1826  |d 1826